| 000 | 00950nac a22002651u 4500 | ||
|---|---|---|---|
| 020 | _a 9781863961936 | ||
| 082 | 0 | 0 | _a394.1095 |
| 090 |
_c6632 _d6632 |
||
| 100 | _a20080729 | ||
| 110 | _aAustralian Women's Weekly | ||
| 245 | 0 | 0 |
_aGreat Asian food / _bAustralian Women's Weekly |
| 260 |
_aSingapore: _bACP Publishing Pty Ltd ,2004 _c2004 |
||
| 300 |
_a247 p.: _bCol. ill.; _c24 cm. |
||
| 440 | 0 | _aConsumAsiaN book series | |
| 500 | _adistributer: Al-Ahram | ||
| 504 | _aIncludes bibliographical references (p. 174-185) and index. | ||
| 511 | _acatalogued by: wessam | ||
| 650 | 0 | _aGastronomy. | |
| 650 | 0 |
_aDiet _zAsia. |
|
| 650 | 0 |
_aFood habits _zAsia. |
|
| 700 | 1 |
_aCwiertka, Katarzyna Joanna, _d1968- |
|
| 700 | 1 |
_aWalraven, Boudewijn, _d1947- |
|
| 942 |
_cBB _k394.1095 |
||
| 999 |
_c6632 _d6632 |
||